<?xml version="1.0" encoding="UTF-8"?>
<record
    xmlns:xsi="http://www.w3.org/2001/XMLSchema-instance"
    xsi:schemaLocation="http://www.loc.gov/MARC21/slim http://www.loc.gov/standards/marcxml/schema/MARC21slim.xsd"
    xmlns="http://www.loc.gov/MARC21/slim">

  <leader>03502nam a22002777a 4500</leader>
  <datafield tag="999" ind1=" " ind2=" ">
    <subfield code="c">30522</subfield>
    <subfield code="d">30522</subfield>
  </datafield>
  <controlfield tag="003">BI-BuBU</controlfield>
  <controlfield tag="008">150202t2014    bd||||dr|||| 000 0 fre d</controlfield>
  <datafield tag="037" ind1=" " ind2=" ">
    <subfield code="b">Don de l'auteur</subfield>
  </datafield>
  <datafield tag="039" ind1=" " ind2=" ">
    <subfield code="a">20150202111240.0</subfield>
    <subfield code="b">C&#xE9;cile Mpitarusuma</subfield>
  </datafield>
  <datafield tag="040" ind1=" " ind2=" ">
    <subfield code="a">BI-BuBU</subfield>
    <subfield code="b">fre</subfield>
    <subfield code="c">BI-BuBU</subfield>
  </datafield>
  <datafield tag="041" ind1="0" ind2=" ">
    <subfield code="a">fre</subfield>
  </datafield>
  <datafield tag="080" ind1=" " ind2=" ">
    <subfield code="a">621.316.</subfield>
  </datafield>
  <datafield tag="100" ind1="1" ind2=" ">
    <subfield code="4">aut.</subfield>
    <subfield code="a">Hakizimana, Josiane</subfield>
  </datafield>
  <datafield tag="245" ind1="1" ind2=" ">
    <subfield code="a">L'entrepreneuriat social au Burundi</subfield>
    <subfield code="b">&#xE9;tude exploratoire de la faisabilit&#xE9; d'un projet de micro-&#xE9;nergie dans les communaut&#xE9;s rurales</subfield>
    <subfield code="c">par Josiane Hakizimana et Bernard Niyonkuru ;  Charles Kabwigiri, directeur</subfield>
  </datafield>
  <datafield tag="260" ind1=" " ind2=" ">
    <subfield code="a">Bujumbura</subfield>
    <subfield code="b">Universit&#xE9; du Burundi, Facult&#xE9; des Sciences Economiques et Administratives</subfield>
    <subfield code="c">2014</subfield>
  </datafield>
  <datafield tag="300" ind1=" " ind2=" ">
    <subfield code="a">IX-71 f.</subfield>
    <subfield code="c">30 cm.</subfield>
  </datafield>
  <datafield tag="500" ind1=" " ind2=" ">
    <subfield code="a">M&#xE9;moire pr&#xE9;sent&#xE9; et d&#xE9;fendu publiquement en vue de l'obtention du grade de Licenci&#xE9; en Sciences Economiques et Administratives.
Option : Gestion et Administration</subfield>
  </datafield>
  <datafield tag="520" ind1=" " ind2=" ">
    <subfield code="a">Dans notre travail de recherche intitul&#xE9; "L'entrepreneuriat  social au Burundi : Etude exploratoire de la faisabilit&#xE9; d'un projet de micro &#xE9;nergie dans les communaut&#xE9;s rurales", nous nous proposons d'&#xE9;tudier les difficult&#xE9;s rencontr&#xE9;es par les m&#xE9;nages ruraux pour &#xE9;clairer leurs foyers afin de proposer une innovation sociale visant &#xE0; r&#xE9;pondre &#xE0; ces probl&#xE8;mes.

Le premier chapitre concerne le cadre conceptuel de notre &#xE9;tude. Nous montrons le r&#xF4;le de l'entrepreneuriat social dans son apport socio-&#xE9;conomique en vue  d'am&#xE9;liorer les conditions de vies des m&#xE9;nages. L'entrepreneuriat social est con&#xE7;u comme une voie de satisfaire les besoins les plus cruciaux de la soci&#xE9;t&#xE9; en se basant sur l'innovation sociale apport&#xE9;e par l'entrepreneur social.

Dans le deuxi&#xE8;me chapitre nous &#xE9;tudions l'&#xE9;tat des lieux sur la pauvret&#xE9; &#xE9;nerg&#xE9;tique au Burundi. Dans ce chapitre, nous pr&#xE9;sentons la d&#xE9;marche m&#xE9;thodologique adopt&#xE9;e, les r&#xE9;sultats de l'enqu&#xEA;te et leur analyse. Nos r&#xE9;sultats prouvent que les m&#xE9;nages ruraux &#xE9;prouvent de nombreuses difficult&#xE9;s  d'acc&#xE9;der aux sources d'&#xE9;nergie traditionnelles et que leur usage entraine des risque d'accidents et de maladies. Une solution &#xE0; ces probl&#xE8;mes (usage de l'&#xE9;nergie Nuru) est propos&#xE9;e au cours du troisi&#xE8;me chapitre.

Dans ce chapitre, nous comparons les d&#xE9;penses mensuelles li&#xE9;es &#xE0; l'usage des sources d'&#xE9;nergie traditionnelles avec celle li&#xE9;es &#xE0; l'usage de l'&#xE9;nergie Nuru. Cette comparaison nous conduit &#xE0; constater que les m&#xE9;nages ruraux d&#xE9;pensent plus en utilisant les sources d'&#xE9;nergie traditionnelles que s'ils utiliseraient l'&#xE9;nergie Nuru. Apr&#xE8;s cette comparaison, nous menons une analyse sur la comp&#xE9;titivit&#xE9; de l'&#xE9;nergie Nuru. Par cette analyse nous arrivons a conclure que  la taille du march&#xE9; potentiel est satisfaisante pour ce nouveau produit. Cette analyse est suivie d'une analyse SWOT qui nous am&#xE8;ne &#xE0;  conclure  que les forces et les opportunit&#xE9;s priment sur les faiblesses et menaces. A l'issu de cette &#xE9;tude, nous arrivons &#xE0; conclure que l'usage de l'&#xE9;nergie Nuru pourrait &#xEA;tre une solution face aux probl&#xE8;mes d'&#xE9;clairage en milieu rural li&#xE9;s &#xE0; l'usage des  sources d'&#xE9;nergie traditionnelles. </subfield>
  </datafield>
  <datafield tag="650" ind1=" " ind2="7">
    <subfield code="2">BI-BuBU</subfield>
    <subfield code="a">Entrepreneuriat social</subfield>
    <subfield code="z">Burundi</subfield>
    <subfield code="9">106416</subfield>
  </datafield>
  <datafield tag="655" ind1=" " ind2="7">
    <subfield code="2">BI-BuBU</subfield>
    <subfield code="a">M&#xE9;moire</subfield>
    <subfield code="9">107155</subfield>
  </datafield>
  <datafield tag="700" ind1="1" ind2=" ">
    <subfield code="4">aut.</subfield>
    <subfield code="a">Niyonkuru, Bernard</subfield>
    <subfield code="9">106418</subfield>
  </datafield>
  <datafield tag="700" ind1="1" ind2=" ">
    <subfield code="4">dir.</subfield>
    <subfield code="a">Kabwigiri, Charles</subfield>
    <subfield code="9">106419</subfield>
  </datafield>
  <datafield tag="710" ind1="1" ind2=" ">
    <subfield code="4">aut.</subfield>
    <subfield code="a">Universit&#xE9; du Burundi</subfield>
    <subfield code="b">Facult&#xE9; des Sciences Economiques et Administratives</subfield>
  </datafield>
  <datafield tag="942" ind1=" " ind2=" ">
    <subfield code="2">udc</subfield>
    <subfield code="c">MEM</subfield>
  </datafield>
  <datafield tag="952" ind1=" " ind2=" ">
    <subfield code="0">0</subfield>
    <subfield code="1">0</subfield>
    <subfield code="2">udc</subfield>
    <subfield code="4">0</subfield>
    <subfield code="7">1</subfield>
    <subfield code="9">44488</subfield>
    <subfield code="a">BC</subfield>
    <subfield code="b">BC</subfield>
    <subfield code="d">2015-02-02</subfield>
    <subfield code="e">Don de l'auteur</subfield>
    <subfield code="l">0</subfield>
    <subfield code="o">621.316. HAK. E</subfield>
    <subfield code="p">5010000423728</subfield>
    <subfield code="r">2015-02-02</subfield>
    <subfield code="t">1</subfield>
    <subfield code="w">2015-02-02</subfield>
    <subfield code="y">MEM</subfield>
  </datafield>
  <datafield tag="952" ind1=" " ind2=" ">
    <subfield code="0">0</subfield>
    <subfield code="1">0</subfield>
    <subfield code="2">udc</subfield>
    <subfield code="4">0</subfield>
    <subfield code="7">1</subfield>
    <subfield code="9">44491</subfield>
    <subfield code="a">BC</subfield>
    <subfield code="b">BC</subfield>
    <subfield code="d">2015-02-02</subfield>
    <subfield code="e">Don de l'auteur</subfield>
    <subfield code="l">0</subfield>
    <subfield code="o">621.316. HAK. E</subfield>
    <subfield code="p">5010000423735</subfield>
    <subfield code="r">2015-02-02</subfield>
    <subfield code="t">2</subfield>
    <subfield code="w">2015-02-02</subfield>
    <subfield code="y">MEM</subfield>
  </datafield>
  <datafield tag="952" ind1=" " ind2=" ">
    <subfield code="0">0</subfield>
    <subfield code="1">0</subfield>
    <subfield code="2">udc</subfield>
    <subfield code="4">0</subfield>
    <subfield code="7">1</subfield>
    <subfield code="9">65672</subfield>
    <subfield code="b">BFSEA</subfield>
    <subfield code="d">2020-04-13</subfield>
    <subfield code="e">Don de l'auteur</subfield>
    <subfield code="l">0</subfield>
    <subfield code="o">621.316. HAK. E</subfield>
    <subfield code="p">5010000587673</subfield>
    <subfield code="r">2020-04-13</subfield>
    <subfield code="t">3</subfield>
    <subfield code="w">2020-04-13</subfield>
    <subfield code="y">MEM</subfield>
    <subfield code="a">BFSEA</subfield>
  </datafield>
</record>
